000 00782cam a2200253 i 4500
001 59618
003 Mx-PuUPA
005 20260429145924.0
008 140415s2004 mx a gr 000 0 spa d
040 _aMx-PuUPA
_bspa
_cMx-PuUPA
_dMx-PuUPA
_erda
041 0 _aspa
110 2 _aPetróleos Mexicanos,
_95168
245 1 0 _aPetróleos Mexicanos en la ruta 2002-2004 /
_cPEMEX
250 _a1a edición
264 _aMéxico, D. F. :
_bPemex,
_c2004
300 _a409 páginas :
_bilustraciones ;
_c35 cm
336 _2rdacontent
_atexto
_btxt
337 _2rdamedia
_asin medio
_bn
338 _2rdacarrier
_avolumen
_bnc
650 7 _2armarc
_aPetroleo
_zMéxico
942 _2ddc
_cLI
_h338.27280972
_iP477
999 _c59618
_d59618